000 00448nam a2200157Ia 4500
003 IQ-KOUCL
041 _aArabic
082 _a342,09 cut-324 ن
100 _a20260118u\\\\\\\\\\\y0engy0103\\\\ba
100 _aنجاة ياسين نجار
245 0 _aقانون ادارة البلديات - دراسة مقارنة -
250 _aط1
260 _bمطبعة ماردين
_aاربيل - العراق
_c2022
300 _a133
942 _cBk
999 _c186572
_d186572